| 000 | 02618nkm0a2200505 4500 | ||
|---|---|---|---|
| 001 | RU\NLR\BIBL_A\022538967 | ||
| 005 | 20260204000000.0 | ||
| 035 | _a(NLR Aleph) 022538967 | ||
| 071 | 5 | 0 |
_d3 руб. _93000 |
| 090 |
_a88389 _c88389 |
||
| 100 | _a20250512d1945 u y0rusy50 ca | ||
| 101 | 0 | _arus | |
| 102 | _aRU | ||
| 116 | _aiiycxx bf ad | ||
| 135 | _acrcn 024anaba | ||
| 181 | 0 |
_ab4 _bxb2e |
|
| 182 | 0 | _an | |
| 200 | 1 |
_aНе трогай! _eМина, граната, запал, патрон, снаряд могут взорваться. Не прикасайся к ним! _e[плакат] _fхудожник Горбунов П. А. |
|
| 203 |
_aИзображение _bнеподвижное _bдвухмерное _bвизуальное _cнепосредственное |
||
| 210 |
_a[Ленинград] _cЛениздат _d1945 |
||
| 215 |
_a1 л. _cхромолитогр. _d52х71,5 |
||
| 300 | _aВ вып. данных: М 02090; Зак. № 1337; 2-я ф-ка Деткниги | ||
| 325 | _aКопия доступна в Электрон. б-ке РНБ | ||
| 606 | 1 |
_aПлакат русский советский _z1941 - 1945 _2nlr_sh2 _3RU\NLR\AUTH\661423877 |
|
| 606 | 1 |
_aВеликая Отечественная война _z1941 - 1945 _jПлакаты _2nlr_sh1 _2nlr_sh2 _3RU\NLR\AUTH\668893 |
|
| 606 | 1 |
_aДети в Великой Отечественной войне _z1941 - 1945 _jПлакаты _2nlr_sh1 _3RU\NLR\AUTH\66374747 |
|
| 606 | 1 |
_aСаперное дело _jПлакаты _2nlr_sh1 _3RU\NLR\AUTH\66241722 |
|
| 606 | 1 |
_aМинновзрывные заграждения _jПлакаты _2nlr_sh1 _2nlr_sh2 _3RU\NLR\AUTH\661365902 |
|
| 686 | _aЩ153(2Р=Рус)7-466 | ||
| 700 | 1 |
_aГорбунов _bП. А. _cхудожник _f1891-1968 _gПетр Афанасьевич _3RU\NLR\AUTH\770160202 _4040 |
|
| 712 | 0 | 2 |
_aЛенинградское областное издательство _3RU\NLR\AUTH\8810147008 _4650 |
| 852 | 0 | 0 |
_aNLR _bЭ _jНпВо723/6-37 _mЭ045833 |
| 852 | 0 | 0 |
_aNLR _bЭ _jНпВо723/6-37 _mЭ045834 |
| 856 | 0 | _uhttps://vivaldi.nlr.ru/la700001262/view | |
| 856 | 1 | _uhttps://vivaldi.nlr.ru/la700001262/cover | |
| 856 | 2 | _uhttps://vivaldi.nlr.ru/la700001262/text | |
| 942 | _cVISUAL | ||
| 945 | _aРоссийская национальная библиотека | ||
| 980 | _aNB | ||
| 980 | _aBV | ||
| 981 | 1 | 7 |
_a(17) Изографические материалы _b(17) Плакаты |